=LDR 00000nam 2200000 4500 =001 INLIS000000000041069 =005 20130612150624 =008 ***********************************Ind** =035 ##$$0010-061300000041069 =041 ##$$a Ind =082 ##$$a 364.106 =090 ##$$a 364.106, Smi m =100 ##$$a Smith, Jo Durden =245 ##$$a Mafia, sejarah lengkap dunia kriminal, oleh Jo Durden Smith ; alih bahasa, Debbie Daisy Natalia ; editor, Y. Istiyono Wahyu =260 ##$$a 2011 $b jakarta =300 ##$$a 200 hlm, ilus6c26 cm =650 ##$$a Mafia =850 ##$$a NBPNMAT